Normal view
MARC view
Entry Personal Name
001 - CONTROL NUMBER
- control field: 167109
003 - CONTROL NUMBER IDENTIFIER
- control field: OSt
005 - DATE AND TIME OF LATEST TRANSACTION
- control field: 20220923222604.0
008 - FIXED-LENGTH DATA ELEMENTS
- fixed length control field: 220923|| aca||aabn | a|a d
040 ## - CATALOGING SOURCE
- Original cataloging agency: OSt
- Transcribing agency: OSt
100 ## - HEADING--PERSONAL NAME
- Personal name: द्विवेदी, हजारी प्रसाद; कृष्ण लाल
670 ## - SOURCE DATA FOUND
- Source citation: Work cat.: (OSt)356938: द्विवेदी, हजारी प्रसाद; कृष्ण लाल, निबंध संग्रह, 1969
